000
00197 a2200097 4500
001
43402
100
_a
Kazim
245
_a
Poetic Pearls
260
_a
Lahore
_b
Feroz Sons
_c
090
_c
27233
_d
27233
942
_a
NUST-CAE
_c
M
_c
19151
999
_c
278475
_d
278475